| 000 | 00704nam a2200205 a 4500 | ||
|---|---|---|---|
| 005 | 20251128063950.0 | ||
| 008 | 031205s2000 mx r 000 0 spa d | ||
| 020 | _a8487682367 | ||
| 035 | _aUPN01000131109 | ||
| 049 | _aCG | ||
| 050 | 4 |
_aLC93 E5 _bB6.3 |
|
| 100 | 1 |
_aBoyd, Carolyn P., _d1944- |
|
| 245 | 1 | 0 |
_aHistoria patria : _bpolítica, historia e identidad nacional en España: 1875-1975 / _cCarolyn P. Boyd. |
| 260 |
_aBarcelona, Esp. : _bPomares-Corredor, _cc2000. |
||
| 300 | _a399 p. | ||
| 650 | 4 |
_aNACIONALISMO Y EDUCACION - _zESPAÑA - _xHISTORIA |
|
| 650 | 4 |
_aEducación y Estado _zEspaña _xHistoria _915885 |
|
| 651 | 4 |
_aESPAÑA - _xHISTORIA - _xESTUDIO Y ENSEÑANZA _922345 |
|
| 905 | _aLibro | ||
| 999 |
_c103264 _d103264 |
||